|
|
|
|
| LEADER |
00000naa2a2200000 4500 |
| 001 |
96735 |
| 005 |
20240205141253.0 |
| 035 |
|
|
|a (RuTPU)RU\TPU\book\103591
|
| 090 |
|
|
|a 96735
|
| 100 |
|
|
|a 20060518d1988 k y0rusy50 ca
|
| 101 |
0 |
|
|a rus
|
| 102 |
|
|
|a RU
|
| 200 |
1 |
|
|a Организация самостоятельной работы студентов с помощью системы заданий
|f А. М. Кольчужкин, Н. К. Рыжакова, В. А. Сердюцкий
|
| 461 |
|
1 |
|0 (RuTPU)RU\TPU\book\256778
|t Оценка и управление качеством подготовки специалистов как фактор интенсификации учебного процесса
|o тезисы докладов Республиканской научно-методической конференции по вопросам оценки и управления качеством подготовки специалистов, Томск, 1988 г.
|f Томский политехнический институт (ТПИ) ; под ред. И. П. Чучалина
|d 1988-
|
| 463 |
|
1 |
|0 (RuTPU)RU\TPU\book\103468
|t Вып. 2
|v С. 14
|d 1988
|p 98 с.
|
| 610 |
1 |
|
|a самостоятельные работы
|
| 610 |
1 |
|
|a высшее образование
|
| 610 |
1 |
|
|a экзаменационные билеты
|
| 610 |
1 |
|
|a студенты
|
| 610 |
1 |
|
|a задания
|
| 610 |
1 |
|
|a конспектирование
|
| 610 |
1 |
|
|a труды учёных ТПУ
|
| 686 |
|
|
|a Ч 481
|2 rubbk
|
| 700 |
|
1 |
|a Кольчужкин
|b А. М.
|c российский физик-ядерщик
|c профессор кафедры экспериментальной ядерной физики Томского политехнического университета
|f 1935-
|g Анатолий Михайлович
|3 (RuTPU)RU\TPU\pers\19798
|
| 701 |
|
1 |
|a Рыжакова
|b Н. К.
|c физик
|c доцент Томского политехнического университета, кандидат физико-математических наук
|f 1947-
|g Надежда Кирилловна
|3 (RuTPU)RU\TPU\pers\28003
|9 12992
|
| 701 |
|
1 |
|a Сердюцкий
|b В. А.
|c физик
|c доцент Томского политехнического университета, кандидат физико-математических наук
|f 1939-
|g Виталий Андреевич
|3 (RuTPU)RU\TPU\pers\36362
|
| 801 |
|
1 |
|a RU
|b 63413507
|c 20060518
|g PSBO
|
| 801 |
|
2 |
|a RU
|b 63413507
|c 20220208
|g PSBO
|
| 942 |
|
|
|c BK
|